[Event "MMaS_2014_U12"]
[Site "?"]
[Date "2014.10.25"]
[Round "2.13"]
[White "Kopec, Ladislav"]
[Black "Raptis, Janis"]
[Result "1-0"]
[WhiteElo "1484"]
[BlackElo "1000"]
[PlyCount "39"]
[EventDate "2014.??.??"]

1. e4 e5 2. Nf3 Nc6 3. Bb5 Nge7 4. c3 a6 5. Ba4 b5 6. Bb3 g6 7. d4 Bg7 8. O-O
d6 9. Bg5 Bg4 10. Bd5 f6 11. Be3 Bxf3 12. Qxf3 exd4 13. cxd4 f5 14. exf5 Nxd4
15. Bxd4 Bxd4 16. Re1 Rb8 17. f6 Bxb2 18. fxe7 Qc8 19. Qf7+ Kd7 20. Be6+ 1-0

[Event "MMaS_2014_U12"]
[Site "?"]
[Date "2014.10.25"]
[Round "2.14"]
[White "Matus, Filip"]
[Black "Petricek, Lukas"]
[Result "1/2-1/2"]
[WhiteElo "1329"]
[BlackElo "1128"]
[PlyCount "50"]
[EventDate "2014.??.??"]

1. e4 c5 2. Nf3 e6 3. d4 cxd4 4. Nxd4 Bc5 5. Be3 Qf6 6. c3 Ne7 7. Bd3 Nbc6 8.
Nc2 Bxe3 9. Nxe3 O-O 10. O-O Ne5 11. Bc2 N7c6 12. Nd2 b6 13. Ng4 Nxg4 14. Qxg4
Ba6 15. Rfe1 Ne5 16. Qh3 Qg6 17. f4 Nc4 18. Nxc4 Bxc4 19. f5 exf5 20. exf5 Qh6
21. Qxh6 gxh6 22. b3 Bd5 23. c4 Bc6 24. Re3 Kh8 25. Rg3 Rg8 1/2-1/2

[Event "MMaS_2014_U12"]
[Site "?"]
[Date "2014.10.26"]
[Round "3.1"]
[White "Dvorakova, Olga"]
[Black "Krejcok, Tobias"]
[Result "0-1"]
[WhiteElo "1455"]
[BlackElo "1602"]
[PlyCount "72"]
[EventDate "2014.??.??"]

1. e4 c5 2. Nf3 Nc6 3. d4 cxd4 4. Nxd4 g6 5. Nc3 Bg7 6. Be3 d6 7. g3 Nf6 8. h3
Qa5 9. Bg2 O-O 10. O-O Bd7 11. Qd2 Rac8 12. Rad1 Nxd4 13. Bxd4 Qa6 14. e5 dxe5
15. Bxe5 Bc6 16. Rfe1 Bxg2 17. Kxg2 Qc6+ 18. Kg1 b5 19. Nd5 Nxd5 20. Qxd5 e6
21. Qxc6 Rxc6 22. Bxg7 Kxg7 23. c3 Rfc8 24. Rd7 R8c7 25. Rxc7 Rxc7 26. Rd1 Kf6
27. Kg2 a5 28. Kf3 b4 29. cxb4 axb4 30. Rd4 b3 31. axb3 Rc2 32. Rd3 e5 33. Ke3
Rxb2 34. f4 Ke6 35. Kf3 f5 36. g4 e4+ 0-1

[Event "MMaS_2014_U12"]
[Site "?"]
[Date "2014.10.26"]
[Round "3.2"]
[White "Mica, Marek"]
[Black "Sebesta, Jan"]
[Result "1/2-1/2"]
[WhiteElo "1506"]
[BlackElo "1405"]
[PlyCount "68"]
[EventDate "2014.??.??"]

1. d4 Nf6 2. c4 g6 3. Nc3 d5 4. Nf3 Bg7 5. Bf4 e6 6. e3 O-O 7. Be2 dxc4 8. Bxc4
Nd5 9. Nxd5 exd5 10. Be2 Bf5 11. Qb3 b6 12. Rc1 c5 13. dxc5 bxc5 14. Rxc5 Be6
15. Nd4 Bxd4 16. exd4 Nd7 17. Rc3 Nf6 18. Bg5 Rc8 19. O-O Rxc3 20. bxc3 Re8 21.
Bf3 Kg7 22. Bxf6+ Kxf6 23. Re1 Kg7 24. Rf1 Qg5 25. Qb5 Rc8 26. Qb2 h5 27. g3 h4
28. Qc1 Qf5 29. Bg2 Rh8 30. Qb1 Qh5 31. Qd1 Qf5 32. Qb1 Qh5 33. Qd1 Qf5 34. Qb1
Qh5 1/2-1/2

[Event "MMaS_2014_U12"]
[Site "?"]
[Date "2014.10.26"]
[Round "3.3"]
[White "Kures, Michael"]
[Black "Richterova, Julie"]
[Result "1/2-1/2"]
[WhiteElo "1493"]
[BlackElo "1561"]
[PlyCount "81"]
[EventDate "2014.??.??"]

1. f4 d5 2. Nf3 Nf6 3. e3 Bg4 4. b3 g6 5. Bb2 Bg7 6. h3 Bxf3 7. Qxf3 O-O 8. c4
c6 9. cxd5 cxd5 10. Be2 Nc6 11. O-O e6 12. Rd1 Rc8 13. Nc3 Qd7 14. Bb5 a6 15.
Be2 Rfd8 16. d4 b5 17. a3 Na5 18. b4 Nc4 19. Bxc4 bxc4 20. Rdc1 Rb8 21. Qe2 Ne8
22. Rc2 Nd6 23. Rac1 Rb7 24. Rd1 Ra8 25. Ra1 Bf8 26. g4 Nb5 27. Nxb5 axb5 28.
e4 Rba7 29. Rcc1 Bh6 30. g5 Bg7 31. e5 h6 32. h4 Kh7 33. Qe3 Rh8 34. Kg2 Raa8
35. Rh1 Kg8 36. Qg3 Kf8 37. Qe3 Qe7 38. Qg3 Qc7 39. Qc3 hxg5 40. hxg5 Ke7 41.
Rab1 1/2-1/2

[Event "MMaS_2014_U12"]
[Site "?"]
[Date "2014.10.26"]
[Round "3.4"]
[White "Ocko, Dominik"]
[Black "Hrabal, Matej"]
[Result "1/2-1/2"]
[WhiteElo "1519"]
[BlackElo "1391"]
[PlyCount "62"]
[EventDate "2014.??.??"]

1. d4 d5 2. Bf4 Bf5 3. e3 Nd7 4. Nf3 e6 5. Bd3 Bg6 6. O-O c5 7. c3 Ngf6 8. Qc2
c4 9. Bxg6 hxg6 10. Nbd2 Nb6 11. Ne5 Bd6 12. Ndf3 Ne4 13. Nd2 Nxd2 14. Qxd2
Bxe5 15. Bxe5 f6 16. Bg3 Qe7 17. Rfe1 Kf7 18. Qe2 Rh5 19. e4 Rc8 20. exd5 Nxd5
21. Qf3 Rf5 22. Qe4 b5 23. a3 a6 24. Re2 Re8 25. Rae1 a5 26. Qc2 Qd7 27. h3 Nf4
28. Bxf4 Rxf4 29. Qd2 Rf5 30. Re4 Qd5 31. Qe3 Qd6 1/2-1/2

[Event "MMaS_2014_U12"]
[Site "?"]
[Date "2014.10.26"]
[Round "3.5"]
[White "Zavadil, Matyas"]
[Black "Kopec, Ladislav"]
[Result "0-1"]
[WhiteElo "1526"]
[BlackElo "1450"]
[PlyCount "98"]
[EventDate "2014.??.??"]

1. d4 d5 2. Nf3 e6 3. e3 Nf6 4. Bd3 Be7 5. O-O O-O 6. Ne5 Nbd7 7. f4 c5 8. b3
Qb6 9. Bb2 Qc7 10. Nd2 Nxe5 11. fxe5 Ne8 12. Rf3 f6 13. Rh3 f5 14. Qh5 h6 15.
Rf1 Bg5 16. Bc1 Qf7 17. Qxf7+ Rxf7 18. dxc5 Bd7 19. Nf3 Be7 20. b4 a5 21. a3
axb4 22. axb4 Nc7 23. Nd4 Ra4 24. Bd2 Rf8 25. Rhf3 Rfa8 26. Rb1 Na6 27. Bb5
Bxb5 28. Nxb5 Kf7 29. Nd6+ Bxd6 30. exd6 Ra2 31. Rc1 Rb2 32. Bc3 Ra2 33. Rff1
Ra4 34. b5 Nxc5 35. Ra1 Ne4 36. Rxa4 Rxa4 37. Be5 g6 38. Rb1 Ke8 39. h3 Kd7 40.
Bf4 h5 41. Be5 Nxd6 42. Bxd6 Kxd6 43. Rb2 Kc5 44. Kf2 e5 45. Kf3 g5 46. Rb3 h4
47. Rc3+ Rc4 48. Ra3 Rxc2 49. Ra8 e4# 0-1

[Event "MMaS_2014_U12"]
[Site "?"]
[Date "2014.10.26"]
[Round "3.7"]
[White "Koci, Tomas"]
[Black "Nemec, David"]
[Result "0-1"]
[WhiteElo "1375"]
[BlackElo "1506"]
[PlyCount "62"]
[EventDate "2014.??.??"]

1. d4 d5 2. Nf3 Nf6 3. e3 e6 4. Bd3 Be7 5. b3 O-O 6. Bb2 c5 7. O-O Nc6 8. Nbd2
Nd7 9. Qe2 Bf6 10. c4 cxd4 11. Nxd4 Nb4 12. N2f3 Nxd3 13. Qxd3 e5 14. Nb5 e4
15. Bxf6 Nxf6 16. Qe2 Bg4 17. Nbd4 exf3 18. Nxf3 dxc4 19. Qxc4 Bxf3 20. gxf3
Qd5 21. Rac1 Qxf3 22. Rc2 Rad8 23. Rcc1 Ng4 24. Qc7 Rd2 25. Qg3 Qxg3+ 26. hxg3
Rxa2 27. Rc3 Rd8 28. Rfc1 g6 29. R3c2 Rxc2 30. Rxc2 Rd3 31. b4 Rb3 0-1

[Event "MMaS_2014_U12"]
[Site "?"]
[Date "2014.10.26"]
[Round "4.2"]
[White "Demko, Robert"]
[Black "Matus, Filip"]
[Result "1-0"]
[WhiteElo "1665"]
[BlackElo "1329"]
[PlyCount "62"]
[EventDate "2014.??.??"]

1. d4 d5 2. c4 e6 3. Nc3 Nf6 4. cxd5 exd5 5. Bg5 Be7 6. e3 O-O 7. Bd3 h6 8. Bh4
Be6 9. Qc2 Nbd7 10. Nge2 Re8 11. O-O c6 12. Kh1 Qc7 13. f3 Rac8 14. h3 Nb6 15.
b3 Nh5 16. Bxe7 Qxe7 17. e4 Qh4 18. Kh2 Nf4 19. Nxf4 Qxf4+ 20. Kh1 Qe3 21. Ne2
Qg5 22. e5 Qh4 23. Kh2 Qg5 24. f4 Qe7 25. Qd2 Qd8 26. f5 Bd7 27. f6 Re6 28. Bf5
Re8 29. Bd3 Re6 30. Nf4 Re8 31. Nh5 g5 1-0

[Event "MMaS_2014_U12"]
[Site "?"]
[Date "2014.10.26"]
[Round "4.3"]
[White "Nemec, David"]
[Black "Mica, Marek"]
[Result "0-1"]
[WhiteElo "1559"]
[BlackElo "1582"]
[PlyCount "57"]
[EventDate "2014.??.??"]

1. e4 c5 2. Nf3 d6 3. d4 cxd4 4. Nxd4 Nf6 5. Nc3 g6 6. Be3 Bg7 7. Be2 O-O 8.
O-O Bd7 9. Qd2 Nc6 10. Rad1 Rc8 11. f4 Nxd4 12. Bxd4 Bc6 13. Bf3 a6 14. Kh1 Qd7
15. e5 dxe5 16. Bxe5 Qxd2 17. Rxd2 Bxf3 18. Rxf3 Rfd8 19. Rfd3 Rxd3 20. Rxd3
Ng4 21. Rd7 Nxe5 22. fxe5 Bxe5 23. Nd5 Rxc2 24. g3 Rxb2 25. Rxe7 Bd6 26. Rd7
Ba3 27. Nf6+ Kg7 28. Ne8+ Kf8 29. Nf6 0-1

[Event "MMaS_2014_U12"]
[Site "?"]
[Date "2014.10.26"]
[Round "4.4"]
[White "Richterova, Julie"]
[Black "Hrabal, Matej"]
[Result "1/2-1/2"]
[WhiteElo "1564"]
[BlackElo "1498"]
[PlyCount "46"]
[EventDate "2014.??.??"]

1. d4 d5 2. c4 e6 3. Nc3 Nf6 4. Bg5 c6 5. cxd5 cxd5 6. Nf3 Nc6 7. e3 Bd6 8. Bd3
Bd7 9. O-O h6 10. Bh4 O-O 11. Qe2 Be7 12. Rac1 Ne8 13. Bg3 Bd6 14. a3 a5 15.
Nb5 Bxg3 16. hxg3 Nc7 17. Nxc7 Qxc7 18. Ne5 Qd6 19. Nxc6 bxc6 20. Rc5 e5 21.
Rfc1 exd4 22. exd4 Rfe8 23. Qf3 Reb8 1/2-1/2

[Event "MMaS_2014_U12"]
[Site "?"]
[Date "2014.10.26"]
[Round "4.5"]
[White "Sebesta, Jan"]
[Black "Ocko, Dominik"]
[Result "0-1"]
[WhiteElo "1511"]
[BlackElo "1561"]
[PlyCount "76"]
[EventDate "2014.??.??"]

1. e4 c5 2. c3 d5 3. exd5 Qxd5 4. d4 e6 5. Nf3 Nc6 6. Be2 Nf6 7. O-O Be7 8. Be3
cxd4 9. cxd4 O-O 10. Nc3 Qd7 11. Qb3 Rd8 12. Rfd1 Nd5 13. Nxd5 Qxd5 14. Qxd5
exd5 15. Rac1 Bf5 16. a3 Rac8 17. Ne5 Bd6 18. Nxc6 Rxc6 19. Rxc6 bxc6 20. Rc1
Rc8 21. Ba6 Rc7 22. Bd2 Bc8 23. Ba5 Bxa6 24. Bxc7 Bxc7 25. Rxc6 Bb6 26. Rc2 h6
27. Rd2 Bc4 28. b4 Kf8 29. f3 Ke7 30. Kf2 Kd6 31. Rd1 Kc6 32. Ke3 Kb5 33. Rc1
f5 34. g4 Bc7 35. h4 f4+ 36. Kf2 Bb6 37. Rd1 Ka4 38. g5 h5 0-1

[Event "MMaS_2014_U12"]
[Site "?"]
[Date "2014.10.26"]
[Round "4.6"]
[White "Bosak, Rene"]
[Black "Kures, Michael"]
[Result "1/2-1/2"]
[WhiteElo "1407"]
[BlackElo "1486"]
[PlyCount "65"]
[EventDate "2014.??.??"]

1. e4 e5 2. Nf3 Nc6 3. Bb5 d6 4. O-O Bg4 5. h3 Bh5 6. c3 a6 7. Bxc6+ bxc6 8. d4
exd4 9. cxd4 d5 10. Qe2 Be7 11. Bf4 Nf6 12. Nbd2 O-O 13. Rac1 Bxf3 14. Qxf3
dxe4 15. Nxe4 Qxd4 16. Nxf6+ Bxf6 17. Bxc7 Qxb2 18. Bd6 Rfd8 19. Qxc6 Qxa2 20.
Rc2 Qe6 21. Rd1 Be5 22. Re2 Bh2+ 23. Kxh2 Qxe2 24. Rd4 Qe8 25. Qf3 Rac8 26. Qg3
Rc6 27. f3 f6 28. Re4 Qg6 29. Rg4 Qf7 30. Bf4 g6 31. Bh6 g5 32. f4 f5 33. Rxg5+
1/2-1/2

[Event "MMaS_2014_U12"]
[Site "?"]
[Date "2014.10.26"]
[Round "4.7"]
[White "Ivanov, Mikhail"]
[Black "Szotkowski, David"]
[Result "0-1"]
[WhiteElo "1299"]
[BlackElo "1532"]
[Annotator "Doe,John"]
[PlyCount "70"]
[EventDate "2014.??.??"]

1. e4 Nf6 2. e5 Nd5 3. Bc4 Nb6 4. Be2 Nc6 5. Nf3 d6 6. Bb5 g6 7. d4 a6 8. Bxc6+
bxc6 9. O-O Bg7 10. Bf4 O-O 11. Nc3 Bg4 12. h3 Bf5 13. Qd2 Nc4 14. Qc1 Rb8 15.
b3 Nb6 16. Bh6 Nd5 17. Nxd5 cxd5 18. Nh4 Bd7 19. Qg5 e6 20. f4 Qxg5 21. fxg5
dxe5 22. dxe5 c5 23. Rf2 Bb5 24. a4 Bc6 25. Nf3 c4 26. bxc4 dxc4 27. Nd2 Bxe5
28. Bxf8 Bxa1 29. Bd6 Rd8 30. Nxc4 Bd4 31. Bc7 Bxf2+ 32. Kxf2 Rc8 33. Be5 Bxa4
34. Nb2 Kf8 35. h4 a5 {Dále neèitelné} 0-1

[Event "MMaS_2014_U12"]
[Site "?"]
[Date "2014.10.26"]
[Round "4.8"]
[White "Hvozdovic, Jan"]
[Black "Dvorakova, Olga"]
[Result "0-1"]
[WhiteElo "1274"]
[BlackElo "1510"]
[PlyCount "110"]
[EventDate "2014.??.??"]

1. e4 c5 2. Nf3 d6 3. c3 Nf6 4. d3 Nc6 5. Be2 e6 6. O-O Be7 7. Be3 O-O 8. Qc2
b6 9. d4 Qc7 10. Nbd2 Bb7 11. dxc5 dxc5 12. Bd3 Ng4 13. g3 Nxe3 14. fxe3 Rad8
15. Bb5 Ne5 16. Rad1 Nxf3+ 17. Nxf3 a6 18. Be2 Qc6 19. Nd2 Bg5 20. Rf3 Qc7 21.
a3 Bc6 22. Nf1 Rxd1 23. Bxd1 Qb7 24. Nd2 Rd8 25. Be2 f5 26. Bd3 Rxd3 27. Qxd3
fxe4 28. Rf8+ Kxf8 29. Qd6+ Be7 30. Qf4+ Kg8 31. Nc4 b5 32. Na5 Qb6 33. b4 cxb4
34. axb4 Bd5 35. Kf2 Qd6 36. Qxd6 Bxd6 37. Ke2 Bc7 38. Kd2 Kf7 39. Kc2 Bb6 40.
Kd2 Kf6 41. Ke2 Kf5 42. Kf2 Kg4 43. Kg2 Bxe3 44. h3+ Kf5 45. Kf1 Bd2 46. Ke2
Bxc3 47. Ke3 Bxb4 48. g4+ Ke5 49. h4 Bxa5 50. g5 b4 51. h5 b3 52. g6 hxg6 53.
hxg6 b2 54. Ke2 b1=Q 55. Ke3 Qe1# 0-1

[Event "MMaS_2014_U12"]
[Site "?"]
[Date "2014.10.26"]
[Round "4.9"]
[White "Blaha, Marek"]
[Black "Lapcik, Roman"]
[Result "1-0"]
[WhiteElo "1435"]
[BlackElo "1071"]
[PlyCount "55"]
[EventDate "2014.??.??"]

1. d4 d5 2. Nc3 Nf6 3. Bf4 Nc6 4. Nf3 Bg4 5. e3 a6 6. Bd3 e6 7. O-O Bb4 8. a3
Bxc3 9. bxc3 O-O 10. c4 Re8 11. h3 Bxf3 12. Qxf3 dxc4 13. Bxc4 e5 14. dxe5 Nxe5
15. Bxe5 Rxe5 16. Rad1 Qe7 17. Qxb7 Rd8 18. Qxa6 Rxd1 19. Rxd1 h6 20. Qc8+ Kh7
21. Rd8 Ne8 22. Bd3+ Kh8 23. Bb5 Qc5 24. Rxe8+ Rxe8 25. Qxe8+ Kh7 26. Bd3+ f5
27. g4 Qd6 28. Bxf5+ 1-0

[Event "MMaS_2014_U12"]
[Site "?"]
[Date "2014.10.26"]
[Round "4.10"]
[White "Crlik, Filip"]
[Black "Tajovsky, Matej"]
[Result "0-1"]
[WhiteElo "1250"]
[BlackElo "1407"]
[PlyCount "40"]
[EventDate "2014.??.??"]

1. e4 c5 2. Nf3 d6 3. Nc3 Nf6 4. Bc4 Nc6 5. d3 a6 6. Be3 b5 7. Bb3 e6 8. O-O
Be7 9. Bf4 Bb7 10. e5 dxe5 11. Bxe5 Nxe5 12. Nxe5 O-O 13. h3 Qc7 14. Ng4 Qc6
15. Nxf6+ Bxf6 16. Qg4 h5 17. f3 hxg4 18. hxg4 Bd4+ 19. Kh1 e5 20. Bd5 Qh6# 0-1

[Event "MMaS_2014_U12"]
[Site "?"]
[Date "2014.10.26"]
[Round "4.11"]
[White "Mikesch, Dalibor"]
[Black "Oplustil, Pavel"]
[Result "1-0"]
[WhiteElo "1359"]
[BlackElo "1310"]
[PlyCount "65"]
[EventDate "2014.??.??"]

1. e4 c5 2. Nf3 d6 3. d4 cxd4 4. Nxd4 Nf6 5. Nc3 g6 6. Be3 Bg7 7. Qd2 Ng4 8. f3
Nxe3 9. Qxe3 O-O 10. O-O-O Nc6 11. Nb3 Be6 12. Nd5 Bxd5 13. exd5 Ne5 14. h4 h5
15. Be2 Rc8 16. g4 Nc4 17. Bxc4 Rxc4 18. gxh5 Qc7 19. Rh2 Kh7 20. Kb1 Rc8 21.
Qd3 a5 22. Rg2 e5 23. hxg6+ fxg6 24. Qxg6+ Kg8 25. Rdg1 Rg4 26. Rxg4 e4 27.
Qxg7+ Qxg7 28. Rxg7+ Kh8 29. fxe4 b5 30. Rg8+ Rxg8 31. Rxg8+ Kxg8 32. Nxa5 Kg7
33. Nb7 1-0

[Event "MMaS_2014_U12"]
[Site "?"]
[Date "2014.10.26"]
[Round "4.12"]
[White "Valusek, Vojtech"]
[Black "Keprt, Tomas"]
[Result "1/2-1/2"]
[WhiteElo "1101"]
[BlackElo "1254"]
[PlyCount "66"]
[EventDate "2014.??.??"]

1. e4 c5 2. Nc3 d6 3. Nf3 Nf6 4. Bb5+ Bd7 5. Bxd7+ Qxd7 6. d3 Nc6 7. O-O e6 8.
Nb5 a6 9. Nc3 Be7 10. Be3 O-O 11. d4 cxd4 12. Nxd4 Rac8 13. Nxc6 Rxc6 14. Bg5
Rfc8 15. e5 Ne8 16. Bxe7 Qxe7 17. exd6 Rxd6 18. Qe2 b5 19. a3 Nf6 20. Rad1 Rcd8
21. Rxd6 Rxd6 22. Rd1 h6 23. Qe5 Rxd1+ 24. Nxd1 Qd7 25. Qe1 Ne4 26. h3 Qd5 27.
Nc3 Nxc3 28. Qxc3 Kh7 29. Qd3+ Qxd3 30. cxd3 Kg6 31. Kh2 Kf5 32. Kg3 g5 33. Kf3
f6 1/2-1/2

[Event "MMaS_2014_U12"]
[Site "?"]
[Date "2014.10.26"]
[Round "4.13"]
[White "Grcek, Tomas"]
[Black "Zavadil, Matyas"]
[Result "0-1"]
[WhiteElo "1355"]
[BlackElo "1613"]
[PlyCount "50"]
[EventDate "2014.??.??"]

1. e4 c5 2. Nf3 Nc6 3. d4 cxd4 4. Nxd4 g6 5. Nxc6 bxc6 6. Bc4 Nf6 7. e5 Qa5+ 8.
Bd2 Qxe5+ 9. Be2 Ba6 10. Nc3 Bg7 11. Be3 Bxe2 12. Qxe2 O-O 13. O-O Qc7 14. Qd2
d5 15. Bf4 e5 16. Bh6 Rad8 17. Bxg7 Kxg7 18. f4 e4 19. f5 d4 20. Ne2 e3 21. Qd3
Ng4 22. g3 Nf2 23. Qc4 c5 24. b4 Qc6 25. bxc5 Qh1# 0-1

[Event "MMaS_2014_U12"]
[Site "?"]
[Date "2014.10.26"]
[Round "4.14"]
[White "Kijonka, Ondrej"]
[Black "Machacek, Lukas"]
[Result "0-1"]
[WhiteElo "1342"]
[BlackElo "1481"]
[PlyCount "56"]
[EventDate "2014.??.??"]

1. e4 e6 2. d4 d5 3. e5 c5 4. c3 Qb6 5. Nf3 Nc6 6. Be2 Bd7 7. O-O cxd4 8. cxd4
Nge7 9. Nc3 Nf5 10. Bb5 a6 11. Bxc6 Bxc6 12. b3 Bb4 13. Bb2 O-O 14. a3 Bxc3 15.
Bxc3 Rfc8 16. Bb4 a5 17. Bc5 Qc7 18. b4 b6 19. Bd6 Nxd6 20. exd6 Qxd6 21. bxa5
Rxa5 22. Ng5 h6 23. Nf3 Rxa3 24. Rxa3 Qxa3 25. Ne5 b5 26. Qc2 Bb7 27. Qe2 b4
28. h3 Ba6 0-1

[Event "MMaS_2014_U14"]
[Site "?"]
[Date "2014.10.25"]
[Round "1.1"]
[White "Kolar, Radomir"]
[Black "Vraj, Ondrej"]
[Result "0-1"]
[WhiteElo "1441"]
[BlackElo "1843"]
[PlyCount "50"]
[EventDate "2014.??.??"]

1. e4 d5 2. exd5 Qxd5 3. Nc3 Qa5 4. Nf3 Nf6 5. Bc4 Bf5 6. O-O e6 7. a3 c6 8. d3
Bd6 9. Ne4 Bxe4 10. dxe4 Qc7 11. Re1 Nbd7 12. Bg5 h6 13. Bxf6 gxf6 14. Qd2
O-O-O 15. b4 Ne5 16. Qe2 Nxf3+ 17. Qxf3 Bxh2+ 18. Kh1 Rdg8 19. g3 Bxg3 20. fxg3
Rxg3 21. Qxf6 Rh3+ 22. Kg1 Qg3+ 23. Kf1 Rh1+ 24. Ke2 Rh2+ 25. Kf1 Qg2# 0-1

[Event "MMaS_2014_U14"]
[Site "?"]
[Date "2014.10.25"]
[Round "1.2"]
[White "Glozar, Petr"]
[Black "Broz, Petr"]
[Result "1-0"]
[WhiteElo "1813"]
[BlackElo "1438"]
[PlyCount "65"]
[EventDate "2014.??.??"]

1. e4 e6 2. d4 d5 3. Nc3 Nf6 4. e5 Nfd7 5. Be3 c5 6. f4 Nc6 7. Nf3 Qb6 8. Rb1
cxd4 9. Nxd4 Bc5 10. Na4 Qa5+ 11. c3 Bxd4 12. Bxd4 b5 13. Nc5 Nxd4 14. Nxd7
Bxd7 15. Qxd4 Qxa2 16. Bd3 O-O 17. O-O Rfc8 18. Qb4 Qa6 19. Rf3 Qb6+ 20. Kf1 a5
21. Qe7 Qd8 22. Bxh7+ Kh8 23. Qxf7 Qe8 24. Bg6 Qxf7 25. Bxf7 g5 26. fxg5 Kg7
27. g6 Rh8 28. h3 Rh5 29. Re1 Rf8 30. g4 Rh4 31. Kf2 Bc6 32. Kg3 Rhh8 33. Rf6
1-0

[Event "MMaS_2014_U14"]
[Site "?"]
[Date "2014.10.25"]
[Round "1.3"]
[White "Slesinger, David"]
[Black "Filip, Tomas"]
[Result "0-1"]
[WhiteElo "1433"]
[BlackElo "1780"]
[PlyCount "50"]
[EventDate "2014.??.??"]

1. e4 c5 2. Nf3 d6 3. Nc3 a6 4. Be2 Nf6 5. d3 g6 6. Be3 Bg7 7. d4 cxd4 8. Bxd4
Nc6 9. Qd2 O-O 10. e5 Nxd4 11. Qxd4 Nd7 12. Qh4 Nxe5 13. Ng5 h6 14. Nge4 Bf5
15. Rd1 Rc8 16. Rd2 Bxe4 17. Qxe4 Qd7 18. Nd5 Qe6 19. c3 f5 20. Qc2 f4 21. Qe4
f3 22. gxf3 Rxf3 23. Bxf3 Nxf3+ 24. Kd1 Qxe4 25. Re2 Qb1# 0-1

[Event "MMaS_2014_U14"]
[Site "?"]
[Date "2014.10.25"]
[Round "1.4"]
[White "Vraj, Karel"]
[Black "Gemsova, Tereza"]
[Result "1-0"]
[WhiteElo "1767"]
[BlackElo "1424"]
[PlyCount "73"]
[EventDate "2014.??.??"]

1. e4 e5 2. Nf3 Nc6 3. d4 exd4 4. Bc4 Nf6 5. O-O d6 6. Nxd4 g6 7. Bg5 Bg7 8.
Nxc6 bxc6 9. f4 Qd7 10. Nc3 O-O 11. e5 dxe5 12. fxe5 Ng4 13. Qxd7 Bxd7 14. Be7
Ne3 15. Bxf8 Nxf1 16. Bxg7 Nd2 17. Be2 Kxg7 18. Rd1 Bf5 19. Rxd2 Re8 20. Bd3
Rd8 21. Rd1 Be6 22. Be4 Rb8 23. b3 c5 24. h3 a6 25. Bd5 Bf5 26. Bc4 a5 27. g4
Be6 28. Bxe6 fxe6 29. Ne4 c4 30. Rd7+ Kg8 31. Nf6+ Kf8 32. Rxc7 Rd8 33. Rd7
Rxd7 34. Nxd7+ Ke7 35. Nb6 cxb3 36. axb3 Kd8 37. Nc4 1-0

[Event "MMaS_2014_U14"]
[Site "?"]
[Date "2014.10.25"]
[Round "1.5"]
[White "Zelnitius, Albert"]
[Black "Jurasek, Vojtech"]
[Result "0-1"]
[WhiteElo "1381"]
[BlackElo "1722"]
[PlyCount "54"]
[EventDate "2014.??.??"]

1. e4 c5 2. Nf3 e6 3. Nc3 a6 4. d3 Qc7 5. Be2 b5 6. Qd2 Bb7 7. Qf4 d6 8. e5
dxe5 9. Nxe5 Bd6 10. Qxf7+ Qxf7 11. Nxf7 Kxf7 12. O-O Nf6 13. Re1 Nc6 14. Bf3
Rab8 15. Bg5 Nd4 16. Bxf6 Nxf3+ 17. gxf3 gxf6 18. Ne4 Rhg8+ 19. Kf1 Bxh2 20.
Ke2 Bxe4 21. fxe4 Be5 22. Rh1 Rg7 23. c3 b4 24. cxb4 Rxb4 25. Rac1 Rxb2+ 26.
Ke3 Bd4+ 27. Kf3 Rxf2# 0-1

[Event "MMaS_2014_U14"]
[Site "?"]
[Date "2014.10.25"]
[Round "1.6"]
[White "Sramek, Vojtech"]
[Black "Haska, Filip"]
[Result "1-0"]
[WhiteElo "1709"]
[BlackElo "1338"]
[PlyCount "54"]
[EventDate "2014.??.??"]

1. e4 c5 2. Nf3 e6 3. d4 cxd4 4. Nxd4 Nf6 5. Nc3 Nc6 6. a3 Bc5 7. Nb3 Bb6 8.
Be2 d5 9. exd5 exd5 10. O-O O-O 11. Bg5 Bf5 12. Bf3 Be4 13. Re1 Re8 14. Nd2
Bxf3 15. Rxe8+ Qxe8 16. Qxf3 Nd4 17. Qg3 Nh5 18. Qe3 Qe6 19. Nf3 Re8 20. Kf1
Nxf3 21. Qxf3 d4 22. Nd5 h6 23. Bd2 Qe5 24. Re1 Qb8 25. Qxh5 Rxe1+ 26. Bxe1 Qd6
27. Bb4 Qc6 1-0

[Event "MMaS_2014_U14"]
[Site "?"]
[Date "2014.10.25"]
[Round "1.7"]
[White "Zach, Vojtech"]
[Black "Chwistek, Karel"]
[Result "0-1"]
[WhiteElo "1324"]
[BlackElo "1695"]
[PlyCount "94"]
[EventDate "2014.??.??"]

1. e4 c5 2. Nf3 Nc6 3. d4 cxd4 4. Nxd4 g6 5. Nc3 Bg7 6. Be3 Nf6 7. Bd3 O-O 8.
Qd2 d5 9. f3 dxe4 10. Be2 exf3 11. Bxf3 Ne5 12. Be2 Bg4 13. h3 Bxe2 14. Qxe2
Nd5 15. Bd2 Nb6 16. Ndb5 Nbc4 17. O-O-O Nxd2 18. Ne4 Nec4 19. Nxd2 Nxd2 20. Nc3
Bh6 21. Rxd2 Qxd2+ 22. Qxd2 Bxd2+ 23. Kxd2 Rad8+ 24. Ke2 Rd6 25. Re1 Re6+ 26.
Kf2 Rxe1 27. Kxe1 Rd8 28. a4 f5 29. b3 e5 30. Ke2 Kf7 31. g3 Ke6 32. Ke3 a6 33.
g4 f4+ 34. Ke2 Rc8 35. Kd2 Rxc3 36. Kxc3 Kd5 37. Kd3 e4+ 38. Kd2 e3+ 39. Ke2
Kd4 40. Kf1 f3 41. Kg1 e2 42. Kf2 a5 43. c4 b6 44. h4 h6 45. h5 g5 46. b4 Kxc4
47. bxa5 bxa5 0-1

[Event "MMaS_2014_U14"]
[Site "?"]
[Date "2014.10.25"]
[Round "1.8"]
[White "Zitny, Michal"]
[Black "Halama, Jakub"]
[Result "1-0"]
[WhiteElo "1654"]
[BlackElo "1311"]
[PlyCount "21"]
[EventDate "2014.??.??"]

1. c4 e5 2. Nc3 Nf6 3. g3 Nc6 4. Bg2 Bc5 5. Nf3 d5 6. cxd5 Nxd5 7. O-O Be6 8.
d3 Qd7 9. Ng5 Bg4 10. Nxd5 Qxd5 11. Bxd5 1-0

[Event "MMaS_2014_U14"]
[Site "?"]
[Date "2014.10.25"]
[Round "1.9"]
[White "Prokop, Martin"]
[Black "Chlebek, Jan"]
[Result "0-1"]
[WhiteElo "1292"]
[BlackElo "1643"]
[PlyCount "50"]
[EventDate "2014.??.??"]

1. e4 c5 2. c3 d5 3. exd5 Qxd5 4. d4 Nc6 5. Nf3 Bg4 6. Be2 cxd4 7. cxd4 e5 8.
Nc3 Bb4 9. O-O Bxc3 10. bxc3 O-O-O 11. c4 Qe4 12. Bd3 Bxf3 13. Bxe4 Bxd1 14.
Rxd1 Nxd4 15. Kf1 f5 16. Bd5 Nf6 17. Be3 Nxd5 18. Bxd4 exd4 19. cxd5 Rxd5 20.
Rac1+ Kb8 21. Rd3 Rc8 22. Re1 Rc2 23. Re8+ Kc7 24. Re7+ Kc6 25. Rb3 Rc1+ 0-1

[Event "MMaS_2014_U14"]
[Site "?"]
[Date "2014.10.25"]
[Round "1.11"]
[White "Kilberger, Ondrej"]
[Black "Budik, Pavel"]
[Result "0-1"]
[WhiteElo "1253"]
[BlackElo "1616"]
[PlyCount "48"]
[EventDate "2014.??.??"]

1. e4 c6 2. d4 d5 3. exd5 cxd5 4. Nc3 Nf6 5. Nf3 Nc6 6. Bb5 e6 7. O-O Be7 8.
Ne5 Bd7 9. Bxc6 Bxc6 10. Nxc6 bxc6 11. Bg5 O-O 12. Re1 Rb8 13. b3 Bb4 14. Re3
Be7 15. Bf4 Rc8 16. Rg3 c5 17. Bh6 g6 18. Bxf8 Bxf8 19. Qd3 cxd4 20. Qxd4 Bc5
21. Qf4 Bd6 22. Qf3 Bxg3 23. Qxg3 Qa5 24. Nd1 Qe1# 0-1

[Event "MMaS_2014_U14"]
[Site "?"]
[Date "2014.10.25"]
[Round "1.12"]
[White "Jiricek, Vojtech"]
[Black "Zabka, Damian"]
[Result "1-0"]
[WhiteElo "1605"]
[BlackElo "1234"]
[PlyCount "73"]
[EventDate "2014.??.??"]

1. e4 e5 2. Bc4 Nf6 3. d3 Bc5 4. Nc3 h6 5. Be3 Bxe3 6. fxe3 Nc6 7. h3 d6 8. Nf3
Be6 9. Bb3 O-O 10. O-O Bxb3 11. axb3 Qe7 12. Re1 Rad8 13. Nd5 Nxd5 14. exd5 Nb4
15. Rxa7 b6 16. e4 Ra8 17. Rxa8 Rxa8 18. Qd2 Na6 19. Ra1 Qd7 20. d4 exd4 21.
Nxd4 Qe7 22. Qd3 f6 23. Ne6 Qe8 24. Rxa6 Rxa6 25. Qxa6 Qg6 26. Qd3 Qf7 27. Qc4
c5 28. dxc6 b5 29. Qd5 Qe7 30. c7 Qe8 31. Qxd6 b4 32. Qd8 Qxd8 33. cxd8=Q+ Kf7
34. Qd7+ Kg6 35. Qxg7+ Kh5 36. Nf4+ Kh4 37. Qg4# 1-0

[Event "MMaS_2014_U14"]
[Site "?"]
[Date "2014.10.25"]
[Round "2.1"]
[White "Vraj, Ondrej"]
[Black "Jiricek, Vojtech"]
[Result "1-0"]
[WhiteElo "1843"]
[BlackElo "1605"]
[PlyCount "25"]
[EventDate "2014.??.??"]

1. e4 e5 2. Nf3 Nc6 3. Bc4 Bc5 4. c3 d6 5. d4 exd4 6. cxd4 Bb6 7. O-O Nge7 8.
Ng5 O-O 9. Qh5 h6 10. Nxf7 Qe8 11. Nxh6+ Kh7 12. Nf7+ Kg8 13. Qh8# 1-0